header

Using and understanding mathematics : (Record no. 266190)

MARC details
000 -LEADER
fixed length control field 01262cam a2200361 a 4500
001 - CONTROL NUMBER
control field 13304583
003 - CONTROL NUMBER IDENTIFIER
control field OSt
005 - DATE AND TIME OF LATEST TRANSACTION
control field 20260414083628.0
008 - FIXED-LENGTH DATA ELEMENTS--GENERAL INFORMATION
fixed length control field 030808s2005 maua 001 0 eng
010 ## - LIBRARY OF CONGRESS CONTROL NUMBER
LC control number 2003061179
020 ## - INTERNATIONAL STANDARD BOOK NUMBER
International Standard Book Number 0321227735
International Standard Book Number 9780321227737
035 ## - SYSTEM CONTROL NUMBER
System control number 13304583
040 ## - CATALOGING SOURCE
Original cataloging agency DLC
Language of cataloging eng
Transcribing agency DLC
Modifying agency DLC
050 00 - LIBRARY OF CONGRESS CALL NUMBER
Classification number QA39.3
Item number .B46 2005
082 00 - DEWEY DECIMAL CLASSIFICATION NUMBER
Classification number 510
Edition number 22
100 1# - MAIN ENTRY--PERSONAL NAME
Personal name Bennett, Jeffrey O.
245 10 - TITLE STATEMENT
Title Using and understanding mathematics :
Remainder of title a quantitative reasoning approach /
Statement of responsibility, etc Jeffrey O. Bennett, William L. Briggs.
250 ## - EDITION STATEMENT
Edition statement 3rd ed.
260 ## - PUBLICATION, DISTRIBUTION, ETC. (IMPRINT)
Place of publication, distribution, etc Boston :
Name of publisher, distributor, etc Pearson Addison Wesley,
Date of publication, distribution, etc c2005.
300 ## - PHYSICAL DESCRIPTION
Extent xvi, 742 p. :
Other physical details col. ill. ;
Dimensions 26 cm.
336 ## - CONTENT TYPE
Content type term text
Content type code txt
Source rdacontent
337 ## - MEDIA TYPE
Media type term unmediated
Media type code n
Source rdamedia
338 ## - CARRIER TYPE
Carrier type term volume
Carrier type code nc
Source rdacarrier
500 ## - GENERAL NOTE
General note Includes index.
650 #0 - SUBJECT ADDED ENTRY--TOPICAL TERM
Topical term or geographic name as entry element Mathematics
Form subdivision Textbooks.
Topical term or geographic name as entry element Problem solving
General subdivision Mathematics
Form subdivision Textbooks.
700 1# - ADDED ENTRY--PERSONAL NAME
Personal name Briggs, William L.
906 ## - LOCAL DATA ELEMENT F, LDF (RLIN)
a 7
b cbc
c orignew
d 1
e ocip
f 20
g y-gencatlg
942 ## - ADDED ENTRY ELEMENTS (KOHA)
Source of classification or shelving scheme Library of Congress Classification
Koha item type Long Loan Books
Holdings
Withdrawn status Lost status Source of classification or shelving scheme Damaged status Not for loan Collection code Home library Current library Shelving location Date acquired Source of acquisition Total Checkouts Full call number Barcode Date last seen Price effective from Koha item type
    Library of Congress Classification     Non-fiction Rongo University Library Rongo University Library General Stacks 14/04/2026 Books for Africa, Donation   QA39.3 .B46 2005 20261616 14/04/2026 14/04/2026 Long Loan Books

© 2026 Rongo University
Contact us: librarian | system librarian | Rongo university